Solutions manual to accompany auditing second edition

Αποθηκεύτηκε σε:
Λεπτομέρειες βιβλιογραφικής εγγραφής
Κύριος συγγραφέας: Pany, Kurt
Άλλοι συγγραφείς: Whittington, O. Ray
Μορφή: Βιβλίο
Γλώσσα:English
Δημοσίευση: Chicago : Richard D. Irwin, 1997
Έκδοση:2nd ed.
Θέματα:
Ετικέτες: Προσθήκη ετικέτας
Δεν υπάρχουν, Καταχωρήστε ετικέτα πρώτοι!

MARC

LEADER 00000nam a2200000 i 4500
001 1/62378
008 980617s1997 eng d
020 |a 0256170886 
035 |l 10029062 
040 |a GR-MY-UA  |b gre  |e aacr 
041 0 |a eng 
082 0 |a 657.45 
100 1 |a Pany, Kurt. 
245 1 0 |a Solutions manual to accompany auditing second edition /  |c Kurt Pany and O. Ray Whittington 
250 |a 2nd ed. 
260 |a Chicago :   |b Richard D. Irwin,   |c 1997 
300 |a iii, 319 σ. 
650 0 0 |a Auditing. 
700 1 |a Whittington, O. Ray. 
852 |a INST  |b CHIOS  |e 19980617  |h 657.45 PAN  |p 005200016130  |q 005200016130  |t BK  |y 0 
901 |a BIBL-1998-2 
909 |a Χ  |b 057271 
922 |a 2ΕΛΗ  |b 199805  |c ΤΔΕ  |d ΠΑΠΑΣΩΤΗΡΙΟΥ